Dějiny Baťova koncernu 1894-1945

Saved in:
Bibliographic Details
Main Author: Lehár, Bohumil
Format: Book
Language:Czech
Published: Praha Státní nakladatelství politické literatury 1960
Subjects:
Tags: Add Tag
No Tags, Be the first to tag this record!

MARC

LEADER 00000nam a2200000 4500
001 c104713
005 20221123135224.6
041 0 |a cze 
044 |a CZ 
245 1 0 |a Dějiny Baťova koncernu  |b 1894-1945  |c Bohumil Lehár 
264 1 |a Praha  |b Státní nakladatelství politické literatury  |c 1960 
300 |a 298 s. 
610 2 0 |a podnikanie 
610 2 0 |a podnikatelia 
610 2 0 |a podnikanie medzinárodné 
610 2 0 |a podnik jednotlivca 
610 2 0 |a dejiny 
610 2 0 |a Baťa, T. 
610 2 0 |a 1894-1945 
610 2 0 |a dejiny hospodárske 
610 2 0 |a priemysel obuvnícky 
100 1 |a Lehár, Bohumil